Normal view
MARC view
Entry Personal Name
001 - CONTROL NUMBER
- control field: 666
003 - CONTROL NUMBER IDENTIFIER
- control field: BD-RjUL
005 - DATE AND TIME OF LATEST TRANSACTION
- control field: 20220112102043.0
008 - FIXED-LENGTH DATA ELEMENTS
- fixed length control field: 220112|| aca||aabn | a|a d
040 ## - CATALOGING SOURCE
- Original cataloging agency: BD-RjUL
- Transcribing agency: BD-RjUL
100 ## - HEADING--PERSONAL NAME
- Personal name: Qārī al-Harawī, ʿAlī ibn Sulṭān Muḥammad,
- Dates associated with a name: -1605 or 1606
670 ## - SOURCE DATA FOUND
- Source citation: Work cat.: (BD-RjUL)79157: Qārī al-Harawī, ʿAlī ibn Sulṭān Muḥammad, -1605 or 1606., شرح ملا على بن سلطان محمد القارى الحنفي على الفقه الاكبر للإمام الأعظم أبى حنيفة النعمان بن ثابت الكوفي.;; Sharḥ al-Mullà ʻAlī ibn Sulṭān Muḥammad al-Qārī al-Ḥanafī ʻalà al-fiqh al-akbar lil-imām al-aʻẓam abī Ḥanīfah al-Nuʻmān ibn Thābit al-Kūfī./